Desarrollo sostenible en los Andes de Colombia (Registro nro. 4986)

Detalles MARC
000 -CABECERA
Campo de control 01707cam a2200349 a 4500
005 - FECHA Y HORA DE LA ULTIMA TRANSACCION
Campo de control 20160106035544.0
008 - ELEMENTOS DE LONGITUD FIJA—INFORMACION GENERAL
Campo de control 010222s2000 ck abd r 001 0 spa d
020 ## - ISBN
ISBN 958683235X
040 ## - FUENTE DE CATALOGACIÓN
Agencia catalogadora original CO-BoPUJ
Agencia transcriptora CO-BoIAVH
Agencia Modificadora CO-BoIAVH
041 0# - IDIOMA
Código de idioma para texto/pista de sonido o título separado Español
044 ## - PAÍS DE PUBLICACIÓN
País de publicación Colombia
082 04 - NUMERO DE CLASIFICACION DECIMAL DEWEY
Número de clasificación 333.7
Número del ítem P65d
110 2# - ASIENTO PRINCIPAL--NOMBRE CORPORATIVO
Nombre corporativo o de jurisdicción como elemento de entrada Pontificia Universidad Javeriana
Unidad subordinad Facultad de Estudios Ambientales y Rurales
-- Instituto de Estudios Ambientales para el Desarrollo. IDEADE
9 (RLIN) 46772
245 10 - MENCION DE TITULO
Título Desarrollo sostenible en los Andes de Colombia
Parte restante del título (Provincias del Norte, Gutiérrez y Valderrama) Boyaca, Colombia
Mención de responsabilidad Instituto de Estudios Ambientales para el Desarrollo ; Hernando Cordero Pérez...[y otros 5]
250 ## - MENCION DE EDICION
Mención de edición Primera edición
260 ## - PUBLICACION, DISTRIBUCION, ETC. (PIE DE IMPRENTA)
Lugar de publicación, distribución, etc. Bogotá :
Nombre del editor, distribuidor, etc. JAVEGRAF,
Fecha de publicación, distribución, etc. 2000.
300 ## - DESCRIPCION FISICA
Extensión 301 páginas :
Otros detalles físicos ilustraciones, gráficas, mapas y tablas ;
Dimensiones 28 x 22 cm.
504 ## - NOTA DE BIBLIOGRAFIA, ETC.
Nota de bibliografía Incluye referencias bibliográficas (página 301) e indice.
650 #6 - ASIENTO SECUNDARIO DE MATERIA - TERMINO TEMATICO
Término temático o nombre geográfico como elemento de entrada Conservación de los recursos naturales
9 (RLIN) 46773
650 #6 - ASIENTO SECUNDARIO DE MATERIA - TERMINO TEMATICO
Término temático o nombre geográfico como elemento de entrada Conservación de bosques
Subdivisión geográfica Cuenca media del río chicamocha (Colombia)
9 (RLIN) 46774
650 #6 - ASIENTO SECUNDARIO DE MATERIA - TERMINO TEMATICO
Término temático o nombre geográfico como elemento de entrada Desarrollo económico
Subdivisión general Aspectos ambientales
Subdivisión geográfica Cuenca media del río chicamocha (Colombia)
9 (RLIN) 46775
650 #6 - ASIENTO SECUNDARIO DE MATERIA - TERMINO TEMATICO
Término temático o nombre geográfico como elemento de entrada Ecología forestal
Subdivisión geográfica Boyaca (Colombia)
9 (RLIN) 46776
650 #6 - ASIENTO SECUNDARIO DE MATERIA - TERMINO TEMATICO
Término temático o nombre geográfico como elemento de entrada Desarrollo sostenible
Subdivisión general Aspectos ambientales
Subdivisión geográfica Boyaca (Colombia)
9 (RLIN) 46777
700 1# - ASIENTO SECUNDARIO - NOMBRE PERSONAL
Nombre personal Devia Castillo, Carlos Alfonso
9 (RLIN) 14458
700 1# - ASIENTO SECUNDARIO - NOMBRE PERSONAL
Nombre personal Arenas Salazar, Hernando
9 (RLIN) 22422
700 1# - ASIENTO SECUNDARIO - NOMBRE PERSONAL
Nombre personal Herrera Barrera, Juan Carlos
9 (RLIN) 14461
700 1# - ASIENTO SECUNDARIO - NOMBRE PERSONAL
Nombre personal Díaz Martín, Demetrio
9 (RLIN) 22423
700 1# - ASIENTO SECUNDARIO - NOMBRE PERSONAL
Nombre personal Cárdenas Támara, Felipe
9 (RLIN) 3622
700 1# - ASIENTO SECUNDARIO - NOMBRE PERSONAL
Nombre personal Cordero Pérez, Hernando
9 (RLIN) 14459
710 2# - ASIENTO SECUNDARIO - NOMBRE CORPORATIVO
Nombre corporativo o de jurisdicción como elemento de entrada Unión Europea
Unidad subordinada Programa de Medio Ambiente
9 (RLIN) 46778
942 ## - ELEMENTOS ADICIONALES (KOHA)
Sistema de clasificación Dewey Decimal Classification
Tipo de ítem Libro
Existencias
Withdrawn status Lost status Sistema de Clasificación Damaged status No para préstamo Colección Inventariado Ubicación Permanente Ubicación actual Fecha de adquisición Fuente de Valor Valor Total Checkouts Número topográfico Inventario / Código de Barras Date last seen Ejemplar Price effective from Forma de adquisición Tipo de material
    Dewey Decimal Classification     General Inventariado 2017 Bogotá Bogotá 20/12/2005 Librería de la U 25000.00   LB-333.7 P65d 022647 04/12/2012 Ej. 1 04/12/2012 Compra Libro